00497 2200181 4500001002100000005001500021035002000036245009000056100001400146250000600160300003400166260004500200082000800245084001400253020002200267600001400289990001200303INLIS00000000000335320260211084918 a0010-02260000191 aPAHLAWAN NASIONAL INDONESIA :bSeri Ensiklopedia Ilmu Pengetahuan Sosial /cNur Asiah0 aNur Asiah aV a154 hlm :bilus ;c21 x 30 cm aJakarta :bPT. Mediantara Semesta,c2020 a903 a903 NUR p a978-979-1276-90-0 4aNur Asiah a0750981